000 01292nam a2200313 i 4500
003 EG-GICUC
005 20260121101337.0
008 251123s1989 su ||||fr|||| 001 0 ara d
040 _a EG-GICUC
_bara
_c EG-GICUC
_d EG-GICUC
_erda
041 _aara
082 0 4 _a343.4
_bف ت . ج
_221
092 0 4 _221
099 _aLaw1 10 343.4 ف ت . ج 1 ed - 1989 1006910
100 0 _aفتوح عبد الله الشاذلي.
_eمؤلف.
245 1 0 _aجرائم التعزيز المنظمة في المملكة العربية السعودية /
_cالدكتور فتوح عبد الله الشاذلي.
250 _aالطبعة الأولى،
264 1 _aالرياض :
_bجامعة الملك سعود، عمادة شؤون المكتبات،
_c1989.
300 _a422 صفحة ؛
_c24 سم.
_bإيضاحيات، صور، مثيليات ؛
336 _2rda content
_atext
337 _2rda media
_aComputer
338 _2rda carrier
_aOnline Resource
504 _aيشتمل على ارجاعات ببليوجرافية.
546 _aالنص باللغة العربية
650 1 _aالتشريعات الجنائية الخاصة.
_2qrmak
651 1 _2qrmak
856 4 0 _uhttps://fll.law.cu.edu.eg/fulltext/bks/B10-06910.pdf
905 _a18
942 _2ddc
_n0
_cBK
_e21
999 _c45655
_d45655